000 00706nam a22001937a 4500
999 _c20598
_d20598
003 AR-CdUCM
008 190305b ||||| |||| 00| 0 spa d
040 _aMUNICIPALIDAD PROVINCIAL DEL CUSCO
_cBIBLIOTECA MUNICIPAL DEL CUSCO
082 _a985.009 /
_bB96
100 _aBusto D, Antonio José del
_943053
245 _aSan Martín de Porras :
_bMartin de Porras Velásquez /
260 _aLima :
_bPontificia universidad catolica del Peru,
_c1992..
300 _a407 páginas ;
_bilustraciones,
_c25 cm.
505 _aContenido: San Martín de Porras -- Ciudad de los reyes -- El párvulo -- El infante...
650 _aHistoria
_9136
650 _aBiografía
_922
942 _2ddc
_cLIBROS
945 _arcc